Statistics for Every country by total GDP with a map

Click here to take the quiz!

General Stats

  • This quiz has been taken 8,607 times
  • The average score is 77 of 196

Answers on the Map

Answers color-coded by a green-red scale on the quiz's map according to % correct below.
 

Answer Stats

HintAnswer% Correct
U...United States
100%
CChina
98%
JJapan
98%
GGermany
97%
FFrance
96%
U...United Kingdom
96%
IIndia
95%
BBrazil
94%
IItaly
92%
CCanada
91%
RRussia
90%
AAustralia
88%
S...South Korea
87%
MMexico
86%
SSpain
86%
IIndonesia
85%
TTurkey
84%
NNetherlands
80%
S...Saudi Arabia
79%
AArgentina
77%
SSwitzerland
75%
PPoland
73%
SSweden
73%
U...United Arab Emirates
72%
BBelgium
71%
IIran
71%
NNorway
70%
DDenmark
69%
AAustria
68%
S...South Africa
68%
TThailand
68%
IIreland
66%
NNigeria
65%
QQatar
65%
TTaiwan
65%
VVenezuela
65%
FFinland
64%
VVietnam
64%
CColombia
62%
PPhilippines
62%
CChile
61%
IIsrael
61%
MMalaysia
60%
N...New Zealand
60%
PPakistan
60%
HHungary
59%
KKazakhstan
59%
PPeru
59%
PPortugal
59%
RRomania
59%
EEgypt
58%
GGreece
57%
C...Czech Republic
56%
UUkraine
56%
IIraq
55%
SSingapore
54%
AAlgeria
53%
OOman
53%
BBangladesh
52%
D...Dominican Republic
50%
KKuwait
48%
AAngola
47%
EEcuador
47%
MMorocco
47%
KKenya
45%
EEthiopia
44%
SSudan
44%
SSlovakia
43%
UUruguay
43%
YYemen
42%
ZZambia
41%
CCuba
40%
GGuatemala
39%
S...Sri Lanka
39%
V...Vatican City
39%
JJordan
38%
KKiribati
38%
MMyanmar
38%
TTuvalu
38%
NNauru
37%
PPalau
37%
ZZimbabwe
37%
BBulgaria
36%
C...Costa Rica
35%
F...Federated States of Micronesia
35%
M...Marshall Islands
35%
PPanama
35%
BBelarus
34%
LLuxembourg
34%
UUzbekistan
34%
CCroatia
33%
VVanuatu
33%
D...Democratic Republic of the Congo
32%
GGhana
32%
LLithuania
32%
TTonga
31%
UUganda
31%
JJamaica
30%
SSyria
30%
TTanzania
30%
EEstonia
29%
HHonduras
29%
IIceland
29%
P...Papua New Guinea
29%
SSerbia
29%
SSlovenia
29%
AAzerbaijan
28%
BBolivia
28%
LLatvia
28%
N...North Korea
28%
DDominica
27%
LLebanon
27%
PParaguay
27%
S...Saint Kitts and Nevis
27%
S...Saint Vincent and the Grenadines
27%
TTunisia
27%
B...Bosnia and Herzegovina
26%
E...El Salvador
26%
I...Ivory Coast
26%
S...Sao Tome and Principe
26%
A...Antigua and Barbuda
25%
LLibya
25%
R...Republic of the Congo
25%
T...Trinidad and Tobago
25%
TTurkmenistan
25%
S...Saint Lucia
24%
SSamoa
24%
S...Solomon Islands
24%
CComoros
23%
GGrenada
23%
HHaiti
23%
E...Equatorial Guinea
22%
FFiji
22%
NNepal
22%
AAfghanistan
21%
CCambodia
21%
LLaos
21%
BBahrain
20%
B...Burkina Faso
20%
CCameroon
20%
KKyrgyzstan
20%
BBotswana
19%
C...Cape Verde
19%
DDjibouti
19%
GGeorgia
19%
G...Guinea-Bissau
19%
KKosovo
19%
N...North Macedonia
19%
RRwanda
19%
AAlbania
18%
CCyprus
18%
E...East Timor
18%
GGabon
18%
MMali
18%
MMozambique
18%
NNicaragua
18%
S...San Marino
18%
AArmenia
17%
C...Central African Republic
17%
NNamibia
17%
SSenegal
17%
SSeychelles
17%
S...South Sudan
17%
GThe Gambia
17%
LLesotho
16%
MMongolia
16%
TTajikistan
16%
BThe Bahamas
16%
BBenin
15%
BBrunei
15%
CChad
15%
EEritrea
15%
GGuinea
15%
LLiechtenstein
15%
MMadagascar
15%
MMalta
15%
MMauritius
15%
NNiger
15%
AAndorra
14%
BBarbados
14%
BBurundi
14%
GGuyana
14%
LLiberia
14%
MMoldova
14%
MMonaco
14%
BBelize
13%
BBhutan
13%
EEswatini
13%
MMalawi
13%
MMaldives
13%
MMauritania
13%
S...Sierra Leone
13%
SSuriname
13%
TTogo
13%
MMontenegro
12%
SSomalia
12%

Score Distribution

Percentile by Number Answered

Percent of People with Each Score

Your Score History

You have not taken this quiz